[Event "EU-chT Seniors 50"]
[Site "Swidnica"]
[Date "2023.07.16"]
[Round "5.1"]
[White "Marks, Ian Alexander"]
[Black "Hogarth, Mark J"]
[Result "1-0"]
[WhiteElo "1874"]
[BlackElo "1902"]
[PlyCount "57"]
[EventDate "2023.07.12"]
[EventType "team-tourn"]
[EventRounds "9"]
[EventCountry "POL"]
[SourceTitle "CBM 215 Extra"]
[Source "ChessBase"]
[SourceDate "2023.09.30"]
[SourceVersion "1"]
[SourceVersionDate "2023.09.30"]
[SourceQuality "1"]
[WhiteTeam "Scotland 50"]
[BlackTeam "England 50 III"]
[WhiteTeamCountry "POL"]
[BlackTeamCountry "ENG"]

1. e4 g6 2. d4 d6 3. Nc3 Bg7 4. Be3 c6 5. Qd2 Nf6 6. 0-0-0 Ng4 7. Bg5 h6 8. Bh4 Qc7 9. h3 Nf6 10. f4 0-0 11. Nf3 e6 12. e5 dxe5 13. dxe5 Nd5 14. Ne4 b5 15. g4 Nd7 16. Bf2 f5 17. Nc5 N7b6 18. Nd4 Nxf4 19. Qxf4 Bxe5 20. Qd2 fxg4 21. Ndxe6 Bxe6 22. Nxe6 Bxb2+ 23. Kxb2 Qe5+ 24. Bd4 Qxe6 25. Qxh6 Rf6 26. hxg4 Na4+ 27. Ka1 Rc8 28. Qh8+ Kf7 29. Rh7# 1-0

[Event "EU-chT Seniors 50"]
[Site "Swidnica"]
[Date "2023.07.15"]
[Round "4.5"]
[White "Hogarth, Mark J"]
[Black "Kantorik, Marian"]
[Result "0-1"]
[WhiteElo "1902"]
[BlackElo "2200"]
[PlyCount "50"]
[EventDate "2023.07.12"]
[EventType "team-tourn"]
[EventRounds "9"]
[EventCountry "POL"]
[SourceTitle "CBM 215 Extra"]
[Source "ChessBase"]
[SourceDate "2023.09.30"]
[SourceVersion "1"]
[SourceVersionDate "2023.09.30"]
[SourceQuality "1"]
[WhiteTeam "England 50 III"]
[BlackTeam "Slovakia 50"]
[WhiteTeamCountry "ENG"]
[BlackTeamCountry "SVK"]

1. e4 e5 2. Nc3 Nf6 3. f4 d5 4. fxe5 Nxe4 5. d3 Nxc3 6. bxc3 d4 7. Nf3 Nc6 8. Be2 Bc5 9. 0-0 dxc3+ 10. Kh1 0-0 11. Qe1 Bg4 12. Qg3 Bh5 13. Bh6 Bg6 14. Bg5 Be7 15. Be3 Nb4 16. Rfc1 Nd5 17. Bg1 Ba3 18. Rf1 Nb4 19. Bc5 Nxc2 20. Bxf8 Qxf8 21. Rab1 Ne3 22. e6 Nxf1 23. exf7+ Qxf7 24. Rxf1 c2 25. Qg5 Re8 0-1

[Event "BCF-chT2 0708 (4NCL)"]
[Site "Sunningdale"]
[Date "2008.05.05"]
[Round "11.7"]
[White "Smallbone, Kieran"]
[Black "Hogarth, Mark J"]
[Result "1-0"]
[WhiteElo "2241"]
[BlackElo "1897"]
[PlyCount "65"]
[EventDate "2007.09.15"]
[EventType "team-tourn"]
[EventRounds "11"]
[EventCountry "ENG"]
[SourceTitle "EXT 2023"]
[Source "ChessBase"]
[SourceDate "2022.10.05"]
[SourceVersion "1"]
[SourceVersionDate "2022.10.05"]
[SourceQuality "1"]
[WhiteTeam "Oxford"]
[BlackTeam "Hilsmark Kingfisher II"]
[WhiteTeamCountry "ENG"]
[BlackTeamCountry "ENG"]

1. d4 Nf6 2. Bg5 e6 3. e3 h6 4. Bh4 d5 5. Nd2 c5 6. c3 Nc6 7. Ngf3 cxd4 8. exd4 Be7 9. Bd3 Bd7 10. Ne5 Qc7 11. f4 g5 12. Bg3 g4 13. Bh4 h5 14. 0-0 Ng8 15. Bxe7 Ngxe7 16. Nb3 b6 17. Qe2 f5 18. Nxc6 Nxc6 19. Bxf5 0-0-0 20. Bxe6 Bxe6 21. Qxe6+ Kb7 22. Rae1 Rhf8 23. a4 Rde8 24. Qxe8 Rxe8 25. Rxe8 Qf7 26. Re3 h4 27. f5 Qh5 28. f6 h3 29. f7 Qh6 30. Re2 g3 31. hxg3 Qh5 32. f8Q Qxe2 33. Rf7+ 1-0

[Event "BCF-chT4 0607 (4NCL)"]
[Site "Sunningdale"]
[Date "2007.02.10"]
[Round "5.6"]
[White "Hogarth, Mark J"]
[Black "Coates, David H"]
[Result "1/2-1/2"]
[WhiteElo "1918"]
[BlackElo "2055"]
[PlyCount "95"]
[EventDate "2006.09.16"]
[EventType "team"]
[EventRounds "11"]
[EventCountry "ENG"]
[SourceTitle "EXT 2008"]
[Source "ChessBase"]
[SourceDate "2007.11.25"]
[SourceVersion "1"]
[SourceVersionDate "2007.11.25"]
[SourceQuality "1"]
[WhiteTeam "Coventry"]
[BlackTeam "Pandoras Box"]
[WhiteTeamCountry "ENG"]
[BlackTeamCountry "ENG"]

1. d4 d5 2. c4 e6 3. Nc3 Nf6 4. Bg5 Be7 5. e3 0-0 6. Nf3 h6 7. Bxf6 Bxf6 8. cxd5 exd5 9. h3 b6 10. Bd3 Bb7 11. Qc2 Be7 12. 0-0 Nd7 13. Rfc1 Nf6 14. Ne5 c6 15. Na4 Rc8 16. Bf5 Rc7 17. Nc3 Bd6 18. Qa4 Qe7 19. Nf3 g6 20. Bd3 Bc8 21. Rab1 Bd7 22. Qd1 Ne4 23. a3 Re8 24. b4 Bf5 25. Bxe4 Bxe4 26. Nxe4 Qxe4 27. Nd2 Qe6 28. Nb3 Rcc8 29. Rc2 Bb8 30. Rbc1 Qd6 31. g3 Rxe3 32. fxe3 Qxg3+ 33. Kf1 Re8 34. Qg4 Qxe3 35. Re2 Qd3 36. Nd2 Rxe2 37. Qxe2 Qxh3+ 38. Ke1 Qxa3 39. Qe8+ Kg7 40. Qxc6 Qe3+ 41. Kd1 Bf4 42. Qc3 Qe6 43. Kc2 h5 44. Kb3 h4 45. Rh1 g5 46. Nf3 h3 47. Nxg5 Bxg5 48. Qxh3 1/2-1/2

[Event "BCF-chT3 0506 (4NCL)"]
[Site "Birmingham"]
[Date "2006.03.05"]
[Round "8.6"]
[White "Rees, Gwynfor"]
[Black "Hogarth, Mark J"]
[Result "1-0"]
[WhiteElo "2101"]
[BlackElo "1919"]
[PlyCount "81"]
[EventDate "2005.10.22"]
[EventType "team"]
[EventRounds "11"]
[EventCountry "ENG"]
[SourceTitle "EXT 2007"]
[Source "ChessBase"]
[SourceDate "2006.11.23"]
[SourceVersion "1"]
[SourceVersionDate "2006.11.23"]
[SourceQuality "1"]
[WhiteTeam "SW Dragons II"]
[BlackTeam "Hilsmark Coventry"]
[WhiteTeamCountry "ENG"]
[BlackTeamCountry "ENG"]

1. d4 Nf6 2. c4 c5 3. d5 b5 4. cxb5 a6 5. Nc3 g6 6. e4 d6 7. Nf3 Bg7 8. Bd2 0-0 9. a4 axb5 10. Bxb5 Ba6 11. Qe2 e6 12. dxe6 fxe6 13. e5 Nd5 14. exd6 Nxc3 15. Bxc3 Bxb5 16. Qxb5 Bxc3+ 17. bxc3 Ra5 18. Qd3 Nd7 19. Qe3 e5 20. 0-0 Qf6 21. Rfd1 Rfa8 22. Qe4 Qe6 23. Ng5 Qf5 24. Qd5+ Kg7 25. Ne6+ Kf6 26. Nc7 Rb8 27. Qd2 Ra7 28. a5 Rab7 29. Nd5+ Kg7 30. Ne3 Qf7 31. Qd5 Qf4 32. g3 Qg5 33. a6 Ra7 34. f4 Qh5 35. Nc4 Nf6 36. Qxe5 Qxe5 37. fxe5 Ne4 38. d7 Rd8 39. Rd3 Rdxd7 40. Rxd7+ Rxd7 41. a7 1-0

[Event "BCF-chT3 0506 (4NCL)"]
[Site "Birmingham"]
[Date "2006.03.04"]
[Round "7.5"]
[White "Ferrington, Nigel M"]
[Black "Hogarth, Mark J"]
[Result "1-0"]
[WhiteElo "2115"]
[BlackElo "1919"]
[PlyCount "83"]
[EventDate "2005.10.22"]
[EventType "team"]
[EventRounds "11"]
[EventCountry "ENG"]
[SourceTitle "EXT 2007"]
[Source "ChessBase"]
[SourceDate "2006.11.23"]
[SourceVersion "1"]
[SourceVersionDate "2006.11.23"]
[SourceQuality "1"]
[WhiteTeam "Wessex II"]
[BlackTeam "Hilsmark Coventry"]
[WhiteTeamCountry "ENG"]
[BlackTeamCountry "ENG"]

1. e4 c5 2. Nf3 Nc6 3. d4 cxd4 4. Nxd4 g6 5. Nc3 Bg7 6. Be3 Nf6 7. Bc4 0-0 8. Bb3 Ng4 9. Qxg4 Nxd4 10. Qd1 Nxb3 11. axb3 d6 12. 0-0 a6 13. Qd2 Bd7 14. Rfe1 Rc8 15. Rad1 Kh8 16. Bd4 e5 17. Be3 Rc6 18. Nd5 f5 19. Nb4 f4 20. Nxc6 fxe3 21. Nxd8 exd2 22. Rxd2 Rxd8 23. Rxd6 Bf8 24. Rd5 Rc8 25. Rxd7 Rxc2 26. Rxb7 Bc5 27. Rf7 Kg8 28. Rf3 Bd4 29. g4 Bxb2 30. Kf1 Kg7 31. Re2 Rc1+ 32. Kg2 Bd4 33. h4 h5 34. g5 a5 35. Rf6 Rc3 36. Ra2 Rxb3 37. Rxa5 Rb2 38. Rd5 Re2 39. Rd7+ Kg8 40. Rd8+ Kg7 41. Rdf8 Rxe4 42. R6f7# 1-0

[Event "BCF-chT4a 0405 (4NCL)"]
[Site "Telford"]
[Date "2005.01.15"]
[Round "3.2"]
[White "Ryan, Julian"]
[Black "Hogarth, Mark J"]
[Result "1-0"]
[WhiteElo "1725"]
[BlackElo "1929"]
[PlyCount "71"]
[EventDate "2004.11.06"]
[EventType "team"]
[EventRounds "11"]
[EventCountry "ENG"]
[SourceTitle "EXT 2006"]
[Source "ChessBase"]
[SourceDate "2005.11.24"]
[SourceVersion "1"]
[SourceVersionDate "2005.11.24"]
[SourceQuality "1"]
[WhiteTeam "Richmond II"]
[BlackTeam "Hilsmark Kingfisher"]
[WhiteTeamCountry "ENG"]
[BlackTeamCountry "ENG"]

1. e4 c5 2. Nf3 Nc6 3. d4 cxd4 4. Nxd4 g6 5. Be2 Bg7 6. c3 Nf6 7. Qc2 Qc7 8. Be3 d5 9. Nb5 Qb8 10. Nd2 0-0 11. f3 a6 12. Nd4 Qc7 13. 0-0-0 e5 14. N4b3 Be6 15. Nc5 Rfc8 16. Ndb3 Na5 17. Nxe6 fxe6 18. Nxa5 Qxa5 19. Qb3 dxe4 20. Bb6 Qd5 21. Rxd5 exd5 22. fxe4 Kh8 23. exd5 Ne4 24. Rd1 Bh6+ 25. Kc2 Nd6 26. c4 Nf5 27. Bg4 Rf8 28. Bxf5 Rxf5 29. d6 Bg5 30. d7 Bd8 31. Bxd8 Rxd8 32. Qxb7 Kg7 33. c5 e4 34. Qc7 Rff8 35. Qe5+ Kh6 36. c6 1-0

[Event "BCF-chT4 0304 (4NCL)"]
[Site "West Bromwich "]
[Date "2004.06.20"]
[Round "11.6"]
[White "Parmar, Jyoti"]
[Black "Hogarth, Mark J"]
[Result "0-1"]
[WhiteElo "928"]
[BlackElo "1932"]
[PlyCount "38"]
[EventDate "2003.10.??"]
[EventType "team"]
[EventRounds "11"]
[EventCountry "ENG"]
[SourceTitle "EXT 2005"]
[Source "ChessBase"]
[SourceDate "2004.11.15"]
[SourceVersion "1"]
[SourceVersionDate "2004.11.15"]
[SourceQuality "1"]
[WhiteTeam "Hilsmark Kingfisher III"]
[BlackTeam "Hilsmark Kingfisher II"]
[WhiteTeamCountry "ENG"]
[BlackTeamCountry "ENG"]

1. e4 c5 2. Nf3 d6 3. d4 cxd4 4. Nxd4 Nf6 5. Nc3 g6 6. Be3 Bg7 7. f3 Nc6 8. Bc4 0-0 9. Qd2 Bd7 10. 0-0-0 Rc8 11. h4 Nxd4 12. Qxd4 Ng4 13. Qd3 Nxe3 14. Qxe3 Rxc4 15. g4 Be6 16. a3 Qa5 17. Ne2 Rfc8 18. Rd2 b5 19. Kb1 b4 0-1

[Event "BCF-chT4 0304 (4NCL)"]
[Site "West Bromwich "]
[Date "2004.05.31"]
[Round "9.4"]
[White "James, Dai"]
[Black "Hogarth, Mark J"]
[Result "1/2-1/2"]
[WhiteElo "2024"]
[BlackElo "1932"]
[PlyCount "41"]
[EventDate "2003.10.??"]
[EventType "team"]
[EventRounds "11"]
[EventCountry "ENG"]
[SourceTitle "EXT 2005"]
[Source "ChessBase"]
[SourceDate "2004.11.15"]
[SourceVersion "1"]
[SourceVersionDate "2004.11.15"]
[SourceQuality "1"]
[WhiteTeam "Pontypridd"]
[BlackTeam "Hilsmark Kingfisher II"]
[WhiteTeamCountry "ENG"]
[BlackTeamCountry "ENG"]

1. e4 c5 2. Nc3 Nc6 3. Bb5 Nd4 4. a4 a6 5. Bc4 g6 6. Nge2 Bg7 7. 0-0 e6 8. Nxd4 cxd4 9. Ne2 Ne7 10. d3 d5 11. exd5 Nxd5 12. Ng3 h5 13. Ne4 f5 14. Bg5 Nf6 15. Nxf6+ Bxf6 16. Bxf6 Qxf6 17. Qe2 0-0 18. Rfe1 Re8 19. Qe5 Qxe5 20. Rxe5 b6 21. f4 1/2-1/2

[Event "BCF-chT4 0304 (4NCL)"]
[Site "West Bromwich "]
[Date "2003.11.22"]
[Round "1.3"]
[White "Hogarth, Mark J"]
[Black "Twitchell, Neville H"]
[Result "0-1"]
[WhiteElo "1744"]
[BlackElo "2023"]
[PlyCount "60"]
[EventDate "2003.10.??"]
[EventType "team"]
[EventRounds "11"]
[EventCountry "ENG"]
[SourceTitle "EXT 2005"]
[Source "ChessBase"]
[SourceDate "2004.11.15"]
[SourceVersion "1"]
[SourceVersionDate "2004.11.15"]
[SourceQuality "1"]
[WhiteTeam "Hilsmark Kingfisher III"]
[BlackTeam "Mindsports II"]
[WhiteTeamCountry "ENG"]
[BlackTeamCountry "ENG"]

1. c4 b6 2. Nc3 Bb7 3. d4 e6 4. e4 Bb4 5. Bd3 f5 6. Qe2 Nf6 7. d5 0-0 8. Bg5 fxe4 9. Bxe4 Na6 10. Nh3 Nc5 11. Bf3 exd5 12. 0-0 Bxc3 13. bxc3 Nce4 14. Bxf6 Nxf6 15. cxd5 Bxd5 16. Bxd5+ Nxd5 17. Qd3 c6 18. Rad1 b5 19. f4 Qb6+ 20. Kh1 Qe3 21. Ng5 Qxd3 22. Rxd3 Rae8 23. g3 Re2 24. c4 bxc4 25. Ra3 c3 26. Nf3 Rb8 27. Rxa7 Nf6 28. Ne5 c2 29. Nxd7 Nxd7 30. Rxd7 Rb1 0-1